[Event "Frankfurt Ch A 2017"]
[Site "Ffm-Höchst, BiKuZ"]
[Date "2017.05.08"]
[Round "3.23"]
[White "Schwenkreis, Thomas"]
[Black "Diehl, Stefan"]
[Result "1-0"]
[WhiteElo "2036"]
[BlackElo "1749"]
[PlyCount "95"]
[EventDate "2017.??.??"]
[WhiteTeam "SV Oberursel"]
[BlackTeam "SC Höchst"]

1. e4 d5 2. exd5 Qxd5 3. Nc3 Qa5 4. d4 Nf6 5. Nf3 Bf5 6. Bd2 c6 7. Bc4 e6 8.
O-O Bb4 9. a3 Bxc3 10. Bxc3 Qc7 11. Bb3 O-O 12. Re1 Nbd7 13. Bb4 Rfd8 14. Qc1
c5 15. Bd2 cxd4 16. Nxd4 Bg6 17. Nf3 Rac8 18. Bf4 Qb6 19. Be3 Qc7 20. c3 Ng4
21. h3 Nxe3 22. Qxe3 Nc5 23. Ba2 Nd3 24. Re2 Qc5 25. Rd2 Qxe3 26. fxe3 Kf8 27.
c4 Nc5 28. Rd4 Nd3 29. b4 e5 30. Rxd8+ Rxd8 31. c5 Rd7 32. Bc4 e4 33. Nd4 a5
34. Rb1 axb4 35. axb4 Rc7 36. Nb5 Rd7 37. Nd6 b6 38. Bb5 Rd8 39. c6 Rxd6 40. c7
Bf5 41. Ra1 Nxb4 42. Ra8+ Ke7 43. g4 Be6 44. Re8+ Kf6 45. Rxe6+ fxe6 46. c8=Q
Nd5 47. Qf8+ Ke5 48. Qxg7+ 1-0

[Event "Frankfurt Ch A 2017"]
[Site "Ffm-Höchst, BiKuZ"]
[Date "2017.05.08"]
[Round "3.24"]
[White "Gräbner, Walter"]
[Black "Benikhis, Avram"]
[Result "1-0"]
[WhiteElo "1944"]
[BlackElo "1743"]
[PlyCount "69"]
[EventDate "2017.??.??"]
[WhiteTeam "SC Nied"]
[BlackTeam "SC Eschbach"]

1. e4 e5 2. Bc4 Nc6 3. Nf3 Bc5 4. d4 exd4 5. O-O d6 6. b4 Bb6 7. c3 Ne5 8. Nxe5
dxe5 9. Qb3 Qe7 10. Bb2 Be6 11. Bxe6 Qxe6 12. Qxe6+ fxe6 13. Nd2 Nf6 14. c4 c6
15. c5 Bc7 16. a4 Ke7 17. Rfc1 g5 18. Re1 g4 19. Nc4 Nd7 20. Ba3 b6 21. b5 Nxc5
22. bxc6 Kf6 23. Bxc5 bxc5 24. Rab1 Rhc8 25. Rb7 h5 26. Reb1 Rab8 27. Kf1 Rxb7
28. Rxb7 a5 29. Ke2 Ke7 30. Nb6 Rb8 31. Rxc7+ Kd6 32. Rb7 Rxb7 33. cxb7 Kc7 34.
Kd3 Kxb7 35. Nc4 1-0

[Event "Frankfurt Ch A 2017"]
[Site "Ffm-Höchst, BiKuZ"]
[Date "2017.05.08"]
[Round "3.26"]
[White "Schmieder, Stefan"]
[Black "Rudolph, Lukas"]
[Result "1/2-1/2"]
[WhiteElo "1709"]
[BlackElo "1914"]
[PlyCount "38"]
[EventDate "2017.??.??"]
[WhiteTeam "SC Bad Soden"]
[BlackTeam "SK Niederbrechen"]

1. e4 d5 2. exd5 Qxd5 3. Nc3 Qa5 4. d4 c6 5. Bc4 Bf5 6. Nf3 Nf6 7. Bd2 e6 8.
Qe2 Nbd7 9. O-O-O Bb4 10. Nh4 Bg4 11. Nf3 O-O-O 12. a3 Bxc3 13. Bxc3 Qc7 14. h3
Bh5 15. Bd2 Nb6 16. g4 Nxc4 17. Qxc4 Bg6 18. Ne5 Nd5 19. Qa4 Qb8 1/2-1/2

[Event "Frankfurt Ch A 2017"]
[Site "Ffm-Höchst, BiKuZ"]
[Date "2017.05.08"]
[Round "3.27"]
[White "Kuhn, Luis"]
[Black "Merten, Rainer"]
[Result "1-0"]
[WhiteElo "1896"]
[BlackElo "1709"]
[PlyCount "47"]
[EventDate "2017.??.??"]
[WhiteTeam "SC Flörsheim"]
[BlackTeam "SV Frankfurt Nord"]

1. e4 c5 2. Nf3 Nc6 3. d4 cxd4 4. Nxd4 Nf6 5. Nc3 a6 6. Bc4 e6 7. Nxc6 bxc6 8.
Bg5 Be7 9. e5 Nd5 10. Bxe7 Qxe7 11. Ne4 O-O 12. O-O a5 13. Re1 Ba6 14. Bb3 Nb6
15. c3 Bc4 16. Bc2 Bd5 17. Nf6+ gxf6 18. Bxh7+ Kh8 19. Qh5 Rg8 20. Bxg8+ Kxg8
21. Re3 Qd8 22. Rh3 Kf8 23. Qh8+ Ke7 24. Qxf6+ 1-0

[Event "Frankfurt Ch A 2017"]
[Site "Ffm-Höchst, BiKuZ"]
[Date "2017.05.08"]
[Round "3.28"]
[White "Winand, Edgar"]
[Black "Midanka, Vladimir Josef"]
[Result "1-0"]
[WhiteElo "1872"]
[BlackElo "1705"]
[PlyCount "79"]
[EventDate "2017.??.??"]
[WhiteTeam "SC Flörsheim"]
[BlackTeam "SC Brett vorm Kopp"]

1. g4 d5 2. Bg2 Bxg4 3. c4 d4 4. Bxb7 Nd7 5. Bxa8 Qxa8 6. f3 d3 7. Nc3 e6 8.
Ne4 Be7 9. h4 Ngf6 10. Nf2 dxe2 11. Qxe2 Bf5 12. d3 Nh5 13. Ne4 Ne5 14. Rh2 Qd8
15. d4 Qxd4 16. Be3 Nd3+ 17. Kf1 Qxc4 18. Qc2 Qa6 19. Ne2 O-O 20. Rd1 Ne5 21.
Kf2 Qb7 22. Rd4 c5 23. Ra4 a6 24. Qb3 Qc6 25. Qa3 Ra8 26. Rh1 Qb7 27. Bxc5
Bxc5+ 28. Nxc5 Qd5 29. Rd4 Qc6 30. Rc1 h6 31. Rc3 Qe8 32. Ne4 Ng6 33. Nd6 Qb8
34. Qb3 Qa7 35. Qb7 Qxb7 36. Nxb7 Ne5 37. Ke3 Nf6 38. Ra3 Nd5+ 39. Kf2 Nc6 40.
Rda4 $138 1-0

[Event "Frankfurt Ch A 2017"]
[Site "Ffm-Höchst, BiKuZ"]
[Date "2017.05.08"]
[Round "3.29"]
[White "Bratmann, Marc"]
[Black "Zimmer, Gerald"]
[Result "1/2-1/2"]
[WhiteElo "1686"]
[BlackElo "1863"]
[PlyCount "105"]
[EventDate "2017.??.??"]
[WhiteTeam "TuS Dotzheim"]
[BlackTeam "SC Bergen-Enkheim"]

1. e4 e6 2. d4 d5 3. e5 c5 4. c3 Nc6 5. Be3 cxd4 6. cxd4 Qb6 7. Qd2 Bd7 8. Nf3
Nge7 9. Nc3 Nf5 10. Be2 Be7 11. O-O O-O 12. Rad1 f6 13. exf6 Bxf6 14. Na4 Qb4
15. Nc5 Bc8 16. a3 Qxd2 17. Rxd2 b6 18. Nb3 Bd7 19. Bd3 Nxe3 20. fxe3 a5 21.
Bb5 Rac8 22. Nc1 Nb8 23. Bxd7 Nxd7 24. Nd3 Rc7 25. Rc1 Rxc1+ 26. Nxc1 Rc8 27.
Nd3 Rc4 28. Kf2 Kf7 29. Ke2 Ke7 30. Kd1 Kd6 31. Rc2 h6 32. b3 Rxc2 33. Kxc2 h5
34. Nf4 h4 35. Ng6 e5 36. h3 exd4 37. exd4 Ke6 38. Kd3 Kf5 39. Nfxh4+ Bxh4 40.
Nxh4+ Kf4 41. a4 Nf8 42. g3+ Kxg3 43. Nf5+ Kxh3 44. Nxg7 Kg4 45. Ne8 Nd7 46.
Nc7 Nf6 47. Ke3 Kf5 48. Kf3 Kg5 49. Ke3 Kf5 50. Kd3 Kf4 51. Na8 Nd7 52. Nc7 Nf6
53. Na8 1/2-1/2

[Event "Frankfurt Ch A 2017"]
[Site "Ffm-Höchst, BiKuZ"]
[Date "2017.05.08"]
[Round "3.31"]
[White "Schmitt, Roland"]
[Black "John, Volkmar"]
[Result "1-0"]
[WhiteElo "1848"]
[BlackElo "1673"]
[PlyCount "87"]
[EventDate "2017.??.??"]
[WhiteTeam "SK Großsachsen"]
[BlackTeam "SK Herborn"]

1. d4 d5 2. e4 dxe4 3. Nc3 Nf6 4. f3 exf3 5. Qxf3 c6 6. Be3 Bg4 7. Qf2 e6 8. h3
Bh5 9. g4 Bg6 10. Bg2 Nbd7 11. O-O-O Qa5 12. Nge2 Bd6 13. Kb1 O-O-O 14. Nf4
Rhf8 15. d5 exd5 16. Nfxd5 cxd5 17. g5 Ne4 18. Bxe4 Bc5 19. Rxd5 Bxe3 20. Qxe3
Qb6 21. Qf3 Rfe8 22. Rb5 Bxe4 23. Nxe4 Ne5 24. Nd6+ Kb8 25. Qg2 Rxd6 26. Rxb6
Rxb6 27. Qg3 Ka8 28. Re1 Rbe6 29. b3 R6e7 30. Qh4 a6 31. Qxh7 g6 32. Qh4 Rd8
33. Qf2 Rde8 34. Re4 Nc6 35. Rf4 Re1+ 36. Kb2 R1e2 37. Qb6 R8e7 38. a4 Rh2 39.
Rc4 Ree2 40. b4 Re6 41. b5 Nb8 42. Qd8 Ka7 43. Qd4+ Ka8 44. Rc8 1-0

[Event "Frankfurt Ch A 2017"]
[Site "Ffm-Höchst, BiKuZ"]
[Date "2017.05.08"]
[Round "3.32"]
[White "Ottenburg, Ralph"]
[Black "Koch, Thomas"]
[Result "1-0"]
[WhiteElo "1833"]
[BlackElo "1662"]
[PlyCount "81"]
[EventDate "2017.??.??"]
[WhiteTeam "SF Frankfurt"]
[BlackTeam "SV Ffm-Griesheim"]

1. d4 e6 2. Nf3 Nf6 3. g3 d5 4. Bg2 c5 5. c3 Nc6 6. O-O Bd7 7. a3 cxd4 8. cxd4
Be7 9. Nc3 a6 10. Ne5 O-O 11. e4 dxe4 12. Nxe4 Nxe5 13. dxe5 Nd5 14. Re1 Bc6
15. Qg4 Kh8 16. Qh5 Qe8 17. Bg5 f6 18. Qxe8 Raxe8 19. exf6 gxf6 20. Bd2 Nc7 21.
Rac1 Kg8 22. Nc5 Bxg2 23. Kxg2 Bxc5 24. Rxc5 Nd5 25. Bh6 b6 26. Rc6 Rc8 27.
Rexe6 Rfd8 28. Rxc8 Rxc8 29. Rd6 Rc5 30. b4 Rb5 31. Bd2 Ne7 32. Rxf6 Rd5 33.
Bh6 Ng6 34. Rxb6 a5 35. b5 Rd3 36. Ra6 Rxa3 37. Ra8+ Kf7 38. Ra7+ Ke6 39. b6
Rb3 40. Be3 Rb5 41. Rxh7 1-0

[Event "Frankfurt Ch A 2017"]
[Site "Ffm-Höchst, BiKuZ"]
[Date "2017.05.08"]
[Round "3.33"]
[White "Adair, Robin"]
[Black "Stock, Jürgen"]
[Result "0-1"]
[WhiteElo "1685"]
[BlackElo "1831"]
[PlyCount "68"]
[EventDate "2017.??.??"]
[WhiteTeam "SC Nidderau"]
[BlackTeam "SC Eschborn"]

1. d4 e6 2. g3 f5 3. Bg2 d5 4. c4 c6 5. Qc2 Bd6 6. Nh3 Nf6 7. Bf4 Bc7 8. Nd2
O-O 9. O-O Nh5 10. Nf3 Nd7 11. Bd2 Bd6 12. Qc1 Qe8 13. Nf4 Nxf4 14. Bxf4 Bxf4
15. Qxf4 Qe7 16. Rfc1 h6 17. h4 a5 18. c5 Nf6 19. Ne5 Kh7 20. Bf3 Bd7 21. h5
Be8 22. Qh4 Qd8 23. b4 axb4 24. Rcb1 Ra4 25. e3 Qa5 26. g4 fxg4 27. Bxg4 Rxa2
28. Rxa2 Qxa2 29. Rxb4 Ne4 30. Bf3 Ng5 31. Bg4 Bxh5 32. Rxb7 Bxg4 33. Qxg4
Qxf2+ 34. Kh1 Qf1+ 0-1

[Event "Frankfurt Ch A 2017"]
[Site "Ffm-Höchst, BiKuZ"]
[Date "2017.05.08"]
[Round "3.34"]
[White "Kulenovic, Adnan"]
[Black "Hofmann, Werner"]
[Result "1-0"]
[WhiteElo "1821"]
[BlackElo "1590"]
[PlyCount "117"]
[EventDate "2017.??.??"]
[WhiteTeam "SV Kinzigtal"]
[BlackTeam "SV Kelsterbach"]

1. a3 f5 2. e4 fxe4 3. d3 Nf6 4. Nc3 d6 5. dxe4 e6 6. Nf3 Be7 7. Bc4 c6 8. Qe2
d5 9. Ba2 O-O 10. O-O b6 11. Rd1 Ba6 12. Qe1 Qc7 13. h3 Rd8 14. Bg5 h6 15. Bxf6
Bxf6 16. exd5 exd5 17. Nxd5 cxd5 18. Bxd5+ Rxd5 19. Qe8+ Kh7 20. Rxd5 Bb7 21.
Rf5 Na6 22. Qe2 Nc5 23. Re1 Bxb2 24. Ng5+ hxg5 25. Qh5+ Kg8 26. Re8+ Rxe8 27.
Qxe8+ Kh7 28. Rf8 g6 29. Rf7+ Qxf7 30. Qxf7+ Bg7 31. a4 Kh6 32. a5 Bc3 33. axb6
axb6 34. Qc7 Ba5 35. Qd8 Kg7 36. Qe7+ Kh6 37. Qf8+ Kh7 38. Qf7+ Kh6 39. Qf6 Kh7
40. Qxg5 Be4 41. c4 Bd3 42. f3 Kg7 43. Qd8 Kf7 44. Qd5+ Kg7 45. Kf2 Kh6 46. h4
Bf5 47. g4 Bb1 48. Ke3 Nb3 49. Qb5 Bc2 50. Qe8 Bd2+ 51. Ke2 Kh7 52. Qd8 Ba5 53.
Kf2 Nc5 54. Qe7+ Kh8 55. h5 Bb4 56. Qd8+ Kg7 57. Qxb6 Nd3+ 58. Ke2 Ne5 59. Qxb4
1-0

[Event "Frankfurt Ch A 2017"]
[Site "Ffm-Höchst, BiKuZ"]
[Date "2017.05.08"]
[Round "3.35"]
[White "Fröhlich-Dill, Astrid"]
[Black "Lanz, Jürgen"]
[Result "1/2-1/2"]
[WhiteElo "1810"]
[BlackElo "1560"]
[PlyCount "116"]
[EventDate "2017.??.??"]
[WhiteTeam "SV Hofheim"]
[BlackTeam "SC Hattersheim"]

1. d4 d5 2. Nf3 c6 3. Bf4 Nf6 4. e3 Bg4 5. h3 Bxf3 6. Qxf3 e6 7. Bd3 Bd6 8. O-O
O-O 9. Nd2 Qc7 10. Bxd6 Qxd6 11. g4 e5 12. Qg3 Re8 13. Nf3 Nbd7 14. Rad1 Qe7
15. Nh4 g6 16. f3 exd4 17. exd4 Qb4 18. Kh1 Re3 19. Qf4 Rae8 20. Ng2 R3e6 21.
h4 Qd6 22. h5 Qxf4 23. Nxf4 Re3 24. h6 g5 25. Nh3 Nxg4 26. Bf5 Ndf6 27. Nxg5
Nxh6 28. Bd3 Kf8 29. Nxh7+ Nxh7 30. Bxh7 f5 31. Bg6 R8e6 32. Bh5 Re2 33. Kg1 f4
34. Rf2 R2e3 35. Kg2 Nf5 36. Bg4 Rg6 37. c3 Nh4+ 38. Kf1 Rg5 39. Re2 Rxe2 40.
Kxe2 Nf5 41. Kf2 Ne3 42. Rh1 Nxg4+ 43. fxg4 Rxg4 44. Kf3 Rg3+ 45. Kxf4 Rg2 46.
Ke5 Rxb2 47. Rh7 a5 48. a4 Rb3 49. Kf6 Kg8 50. Rc7 Rxc3 51. Rxb7 Rc4 52. Rg7+
Kh8 53. Rg4 Rc1 54. Kf7 Rf1+ 55. Ke6 Re1+ 56. Kf7 Rf1+ 57. Ke6 Re1+ 58. Kf7
Rf1+ 1/2-1/2

[Event "Frankfurt Ch A 2017"]
[Site "Ffm-Höchst, BiKuZ"]
[Date "2017.05.08"]
[Round "3.37"]
[White "Makilla, Tobias"]
[Black "Wich, Manuela"]
[Result "1-0"]
[WhiteElo "1791"]
[BlackElo "1494"]
[PlyCount "85"]
[EventDate "2017.??.??"]
[WhiteTeam "SC Hattersheim"]
[BlackTeam "Niederräder TG"]

1. e4 g6 2. d4 Bg7 3. f4 d6 4. Nf3 Nf6 5. Bd3 Bg4 6. O-O O-O 7. e5 dxe5 8. dxe5
Nd5 9. h3 Bxf3 10. Qxf3 c6 11. Rd1 Qb6+ 12. Kh1 e6 13. c4 Ne7 14. Nc3 Nd7 15.
Bxg6 Nxe5 16. Bxh7+ Kxh7 17. fxe5 Rad8 18. Bg5 Rxd1+ 19. Rxd1 Ng6 20. Qh5+ Kg8
21. Ne4 Qxb2 22. Nf6+ Bxf6 23. Bxf6 Qxg2+ 24. Kxg2 Nf4+ 25. Kf3 Nxh5 26. Be7
Rc8 27. Rd7 b5 28. cxb5 cxb5 29. Rxa7 Ng7 30. Rb7 Nf5 31. Bb4 Kg7 32. a3 Rc4
33. Kf2 Nd4 34. Rb8 Kh7 35. Bd6 Rc6 36. h4 Rc2+ 37. Ke3 Nf5+ 38. Kd3 Rc4 39.
Rxb5 Rxh4 40. Rb4 Rh3+ 41. Kc4 Rxa3 42. Rb7 Kg6 43. Bxa3 1-0

[Event "Frankfurt Ch A 2017"]
[Site "Ffm-Höchst, BiKuZ"]
[Date "2017.05.08"]
[Round "3.38"]
[White "Bergmann, Michael"]
[Black "Varma, Christopher"]
[Result "1-0"]
[WhiteElo "1666"]
[BlackElo "1783"]
[PlyCount "69"]
[EventDate "2017.??.??"]
[WhiteTeam "SF Frankfurt"]
[BlackTeam "SC Bad Nauheim"]

1. e4 e6 2. d4 d5 3. Nd2 Nf6 4. e5 Nfd7 5. Bd3 c5 6. c3 Nc6 7. Ne2 cxd4 8. cxd4
f6 9. exf6 Nxf6 10. Nf3 Bd6 11. O-O Qc7 12. h3 O-O 13. Nc3 a6 14. Re1 Bd7 15.
a3 Rae8 16. Bg5 Re7 17. Rc1 Bf4 18. Bxf6 Rxf6 19. Nxd5 exd5 20. Rxe7 Qd6 21.
Rxd7 Qxd7 22. Rc2 Bb8 23. Re2 Rxf3 24. gxf3 Qxh3 25. Re8+ Kf7 26. Rxb8 Nxb8 27.
Qc2 Nc6 28. Bxh7 Qh6 29. Qf5+ Ke7 30. Bg8 Nxd4 31. Qf7+ Kd8 32. Qxd5+ Kc7 33.
Qxd4 Qg6+ 34. Kf1 Qb1+ 35. Kg2 1-0

[Event "Frankfurt Ch A 2017"]
[Site "Ffm-Höchst, BiKuZ"]
[Date "2017.05.08"]
[Round "3.40"]
[White "Masoudi, Kian"]
[Black "Kautz, Thomas"]
[Result "0-1"]
[WhiteElo "1403"]
[BlackElo "1760"]
[PlyCount "98"]
[EventDate "2017.??.??"]
[WhiteTeam "SC Bergen-Enkheim"]
[BlackTeam "SK Niederbrechen"]

1. e4 g6 2. d4 Bg7 3. Nc3 d6 4. Bg5 h6 5. Bh4 g5 6. Bg3 Nf6 7. f4 gxf4 8. Bxf4
Nc6 9. Bb5 a6 10. d5 axb5 11. dxc6 bxc6 12. e5 Bg4 13. Nge2 Nh5 14. O-O Nxf4
15. Rxf4 Be6 16. exd6 Qxd6 17. Qf1 Be5 18. Ne4 Qd5 19. c4 Qd3 20. Nf2 Qg6 21.
cxb5 cxb5 22. Rb4 Bc4 23. a4 Rg8 24. Rxc4 bxc4 25. Nc3 Qc6 26. Nfe4 Bd4+ 27.
Kh1 Bxc3 28. Nxc3 Rd8 29. Qe2 Rd6 30. Qe4 Qxe4 31. Nxe4 Rd4 32. Re1 Kd7 33. g3
Rb8 34. Re2 Rxb2 35. Nf6+ exf6 36. Rxb2 Rd1+ 37. Kg2 c3 38. Re2 Rd2 39. Kf3 Kc6
40. Rxd2 cxd2 41. Ke2 Kc5 42. Kxd2 Kb4 43. Ke3 Kxa4 44. Kd4 Kb4 45. Kd3 c5 46.
g4 Kb3 47. h4 c4+ 48. Kd2 Kb2 49. g5 fxg5 0-1

[Event "Frankfurt Ch A 2017"]
[Site "Ffm-Höchst, BiKuZ"]
[Date "2017.05.08"]
[Round "3.41"]
[White "Hambel, Christoph"]
[Black "Beinrucker, Markus"]
[Result "1/2-1/2"]
[WhiteElo "1637"]
[BlackElo "1887"]
[PlyCount "68"]
[EventDate "2017.??.??"]
[WhiteTeam "Bad Vilbeler Sfr"]
[BlackTeam "SK Niederbrechen"]

1. e4 e6 2. d4 d5 3. Nd2 Nf6 4. e5 Nfd7 5. c3 c5 6. Ngf3 Nc6 7. Be2 a5 8. O-O
Qb6 9. Qa4 Be7 10. Rd1 O-O 11. Nf1 f6 12. exf6 Nxf6 13. Bb5 cxd4 14. Nxd4 Nxd4
15. cxd4 Ne4 16. Be3 Qd6 17. f3 Nf6 18. Bd3 Bd7 19. Qc2 Rac8 20. Qd2 a4 21. a3
Nh5 22. Rac1 Bc6 23. Re1 g6 24. Qc2 Bf6 25. Qf2 Rce8 26. Bd2 Nf4 27. Bb1 Bb5
28. Bb4 Qb6 29. Bc5 Qa6 30. Bxf8 Bxf1 31. Qxf1 Bxd4+ 32. Kh1 Qxf1+ 33. Rxf1
Kxf8 34. Rc2 Be3 1/2-1/2

[Event "Frankfurt Ch A 2017"]
[Site "Ffm-Höchst, BiKuZ"]
[Date "2017.05.08"]
[Round "3.42"]
[White "Liebske, Reiner"]
[Black "Mügendt, Brian Christopher"]
[Result "0-1"]
[WhiteElo "1824"]
[BlackElo "1621"]
[PlyCount "78"]
[EventDate "2017.??.??"]
[WhiteTeam "SV Frankfurt Nord"]
[BlackTeam "SC Heusenstamm"]

1. e4 c5 2. Nf3 d6 3. d4 cxd4 4. Nxd4 Nf6 5. Nc3 e5 6. Nb3 Nc6 7. Be2 Be7 8.
O-O a6 9. a4 Be6 10. Bg5 Na5 11. Nxa5 Qxa5 12. Bxf6 gxf6 13. Nd5 Bxd5 14. Qxd5
Qxd5 15. exd5 f5 16. f3 Rg8 17. Bd3 f4 18. Bxh7 Rg7 19. Bf5 Bh4 20. Rfd1 Rg5
21. Bh3 f5 22. Rd2 Rc8 23. c3 Rc4 24. Rc2 a5 25. b3 Rc5 26. c4 Kf7 27. Kf1 Kf6
28. Ke2 e4 29. fxe4 fxe4 30. Rf1 Ke5 31. Kd2 Rg7 32. Kc3 Rgc7 33. g3 Bg5 34.
Be6 b5 35. gxf4+ Bxf4 36. Rcf2 bxc4 37. Rxf4 cxb3+ 38. Kb2 Rc2+ 39. Kxb3 R7c3#
0-1

[Event "Frankfurt Ch A 2017"]
[Site "Ffm-Höchst, BiKuZ"]
[Date "2017.05.08"]
[Round "3.43"]
[White "Weiland, Thomas"]
[Black "Fritsch, Reinhold"]
[Result "1-0"]
[WhiteElo "1767"]
[BlackElo "1476"]
[PlyCount "49"]
[EventDate "2017.??.??"]
[WhiteTeam "SV Oberursel"]
[BlackTeam "SC Somborn"]

1. e4 d6 2. d4 Nf6 3. Nc3 g6 4. Bg5 Bg7 5. Nf3 O-O 6. Be2 Nbd7 7. O-O a6 8. a4
e5 9. dxe5 Nxe5 10. Nxe5 dxe5 11. Qxd8 Rxd8 12. Nd5 Rd6 13. Bxf6 Bxf6 14. Nxc7
Rb8 15. Ne8 Re6 16. Nxf6+ Rxf6 17. Rfd1 Rc6 18. Rd8+ Kg7 19. c3 f5 20. exf5
gxf5 21. h3 b5 22. axb5 axb5 23. Ra7+ Rb7 24. Rxb7+ Bxb7 25. Rd7+ 1-0

[Event "Frankfurt Ch A 2017"]
[Site "Ffm-Höchst, BiKuZ"]
[Date "2017.05.08"]
[Round "3.44"]
[White "Gude, Michael"]
[Black "Krischak, Werner"]
[Result "1/2-1/2"]
[WhiteElo "1520"]
[BlackElo "1719"]
[PlyCount "102"]
[EventDate "2017.??.??"]
[WhiteTeam "SF Fürth"]
[BlackTeam "SK Marburg"]

1. e4 c6 2. d4 d5 3. e5 Bf5 4. Nf3 e6 5. Be2 Qc7 6. Nbd2 c5 7. O-O cxd4 8. Bb5+
Nd7 9. Nxd4 Qxe5 10. N2f3 Qd6 11. Nxf5 exf5 12. Re1+ Kd8 13. c3 Be7 14. Be3
Ngf6 15. Nd4 g6 16. Nb3 b6 17. Bd4 a6 18. Bxd7 Kxd7 19. Be5 Qc6 20. Qd3 Rhe8
21. Rad1 Ng4 22. Bf4 Bd6 23. Bxd6 Qxd6 24. g3 Re4 25. Kg2 Nf6 26. f3 Re6 27.
Nd4 Re5 28. Nc2 b5 29. Nb4 Rae8 30. Rxe5 Qxe5 31. Nxd5 Qe2+ 32. Kh3 Qxd3 33.
Nxf6+ Ke7 34. Rxd3 Kxf6 35. Rd6+ Re6 36. Rd2 g5 37. Kg2 h5 38. h3 Re1 39. a3
Ke6 40. Rc2 Kd5 41. b3 Ra1 42. g4 hxg4 43. fxg4 Rxa3 44. c4+ bxc4 45. bxc4+ Kc5
46. gxf5 Ra4 47. Re2 Rxc4 48. Re7 Rf4 49. Rxf7 a5 50. f6 Kd6 51. Ra7 Rxf6
1/2-1/2

[Event "Frankfurt Ch A 2017"]
[Site "Ffm-Höchst, BiKuZ"]
[Date "2017.05.08"]
[Round "3.45"]
[White "Breitbach, Stephan"]
[Black "Henrich, Frederik"]
[Result "1/2-1/2"]
[WhiteElo "1503"]
[BlackElo "1693"]
[PlyCount "36"]
[EventDate "2017.??.??"]
[WhiteTeam "SC Landskrone"]
[BlackTeam "SV Hofheim"]

1. d4 Nf6 2. c4 g6 3. Nc3 Bg7 4. Nf3 d6 5. e3 O-O 6. Bd3 Nbd7 7. O-O e5 8. Qc2
Ne8 9. dxe5 Nxe5 10. Be2 Nf6 11. b3 Bf5 12. Qb2 Ne4 13. Bd2 Qf6 14. Nd4 h5 15.
f3 Nxd2 16. Qxd2 a6 17. Rac1 Bh6 18. Nd5 Qd8 1/2-1/2

[Event "Frankfurt Ch A 2017"]
[Site "Ffm-Höchst, BiKuZ"]
[Date "2017.05.08"]
[Round "3.46"]
[White "Ketting, Douwe"]
[Black "Rauscher, Joachim"]
[Result "1/2-1/2"]
[WhiteElo "1452"]
[BlackElo "1666"]
[PlyCount "69"]
[EventDate "2017.??.??"]
[WhiteTeam "SC Somborn"]
[BlackTeam "SC Brett vorm Kopp"]

1. b4 e5 2. Bb2 Bxb4 3. Bxe5 Nf6 4. Nf3 O-O 5. e3 Re8 6. Bb2 d5 7. c4 c5 8.
cxd5 Nxd5 9. Be2 Bg4 10. O-O Nc6 11. Qc2 Qe7 12. a3 Ba5 13. Rc1 Bb6 14. Nc3 Nc7
15. Na4 Ne6 16. h3 Bh5 17. Nxb6 axb6 18. Qb3 Qc7 19. Qd5 Bg6 20. Ng5 Rad8 21.
Nxe6 Rxe6 22. Qb3 Be4 23. Qc3 Rg6 24. Bf1 Qd7 25. Kh2 Ne7 26. Qe5 Bc6 27. e4
Re8 28. d3 Nd5 29. Qf5 Qc7+ 30. g3 Nf6 31. e5 Bd7 32. Qf3 Bc6 33. Qe2 Ng4+ 34.
hxg4 Rh6+ 35. Bh3 1/2-1/2

[Event "Frankfurt Ch A 2017"]
[Site "Ffm-Höchst, BiKuZ"]
[Date "2017.05.08"]
[Round "3.47"]
[White "Wagner, Günter"]
[Black "Bergner, Matthias"]
[Result "1-0"]
[WhiteElo "1666"]
[BlackElo "1577"]
[PlyCount "34"]
[EventDate "2017.??.??"]
[WhiteTeam "SV Groß-Gerau"]
[BlackTeam "SV Neu-Isenburg"]

1. Nf3 g6 2. g3 Bg7 3. Bg2 Nf6 4. O-O O-O 5. c4 Nc6 6. d4 e6 7. Nc3 Ne7 8. e4
c6 9. Bf4 d5 10. e5 Nd7 11. cxd5 Nxd5 12. Nxd5 cxd5 13. Qd2 b6 14. Bh6 Ba6 15.
Rfe1 Rc8 16. Bxg7 Kxg7 17. Rac1 Qe7 1-0

[Event "Frankfurt Ch A 2017"]
[Site "Ffm-Höchst, BiKuZ"]
[Date "2017.05.08"]
[Round "3.49"]
[White "Pabel, Ralph"]
[Black "Richter, Wolfram"]
[Result "1-0"]
[WhiteElo "1885"]
[BlackElo "1531"]
[PlyCount "91"]
[EventDate "2017.??.??"]
[WhiteTeam "SK Mainaschaff"]
[BlackTeam "SK Bad Sooden-Allendorf"]

1. e4 c5 2. Nc3 Nc6 3. Bb5 e6 4. Bxc6 bxc6 5. e5 a5 6. f4 Ne7 7. d3 Nf5 8. Nf3
Be7 9. O-O f6 10. Ne4 fxe5 11. fxe5 O-O 12. Qe1 Rb8 13. b3 a4 14. Ba3 Nd4 15.
Nxd4 Rxf1+ 16. Qxf1 cxd4 17. Nd6 Bxd6 18. Bxd6 Ra8 19. b4 Bb7 20. Qf3 Qg5 21.
Rf1 h6 22. Qf7+ Kh7 23. Qf4 Qg6 24. Bc5 Re8 25. Qxd4 Bc8 26. Qf4 Rg8 27. a3 Qh5
28. Qe4+ Kh8 29. Be7 Re8 30. Bd6 Rg8 31. Qf3 Qg5 32. Qf4 Qh5 33. g4 Qg6 34. h4
Qe8 35. Qf7 Qxf7 36. Rxf7 Re8 37. Bc5 Kg8 38. Rf4 Rd8 39. Kf2 Kh7 40. Ke3 Kg6
41. h5+ Kh7 42. Kd4 Kg8 43. Bd6 Ba6 44. Kc5 Ra8 45. Kb6 Bc8 46. Rf8+ 1-0

[Event "Frankfurt Ch A 2017"]
[Site "Ffm-Höchst, BiKuZ"]
[Date "2017.05.08"]
[Round "3.51"]
[White "Lopez, Victor"]
[Black "Koellner, Ulrich"]
[Result "0-1"]
[WhiteElo "1526"]
[BlackElo "1706"]
[PlyCount "114"]
[EventDate "2017.??.??"]
[WhiteTeam "SC Höchst"]
[BlackTeam "SV Hofheim"]

1. e4 c6 2. d4 d5 3. exd5 cxd5 4. Bd3 Nc6 5. c3 Nf6 6. Bf4 Bg4 7. Nf3 e6 8.
Nbd2 Bd6 9. Bxd6 Qxd6 10. Qc2 Rc8 11. O-O O-O 12. a3 Rfe8 13. Rfe1 Bh5 14. Qa4
Nd7 15. Re3 Bg6 16. Bxg6 hxg6 17. Rae1 Qf4 18. Qd1 Qd6 19. Qe2 Qe7 20. Nb3 b6
21. Nc1 Na5 22. Nd2 Nf6 23. Nd3 Nc4 24. Nxc4 Rxc4 25. Ne5 Rcc8 26. Rh3 Nd7 27.
Qg4 Nxe5 28. Rxe5 f6 29. Re2 Qf7 30. Qh4 Kf8 31. Rhe3 Rc6 32. f4 f5 33. Rg3 Qf6
34. Re5 Kf7 35. Rg5 Rcc8 36. Qe1 Rc6 37. Qe2 Qe7 38. Qd3 Rh8 39. Qg3 Qf6 40.
Qd3 Rh4 41. Qg3 Rh5 42. Qe3 Rxg5 43. fxg5 Qe7 44. Qf4 Rc8 45. g4 Rh8 46. gxf5
gxf5 47. h4 g6 48. Re3 Rd8 49. Qe5 Rd6 50. Kg2 Ke8 51. Re2 Kd7 52. Kf3 b5 53.
Rh2 Qf7 54. Kf4 a6 55. Qe2 Kc6 56. Qc2 Rd8 57. Qb3 Qc7+ 0-1

[Event "Frankfurt Ch A 2017"]
[Site "Ffm-Höchst, BiKuZ"]
[Date "2017.05.08"]
[Round "3.52"]
[White "Leichum, Engelbert"]
[Black "Neuhaus, Joachim"]
[Result "1-0"]
[WhiteElo "1688"]
[BlackElo "1520"]
[PlyCount "42"]
[EventDate "2017.??.??"]
[WhiteTeam "vereinslos"]
[BlackTeam "SC Somborn"]

1. e4 e6 2. d4 d5 3. e5 c5 4. c3 Nc6 5. Nf3 Qb6 6. Bd3 Bd7 7. O-O cxd4 8. cxd4
Nxd4 9. Nbd2 Nxf3+ 10. Nxf3 Ne7 11. Ng5 h6 12. Nh7 O-O-O 13. Nxf8 Rhxf8 14. a4
Nc6 15. Bb5 Nxe5 16. Be3 Qa5 17. Qd4 f6 18. b4 Qb6 19. Rfc1+ Kb8 20. Qd2 d4 21.
Bxd4 Qd6 1-0

[Event "Frankfurt Ch A 2017"]
[Site "Ffm-Höchst, BiKuZ"]
[Date "2017.05.08"]
[Round "3.53"]
[White "Friedel, Thomas"]
[Black "Ackermann, Robert"]
[Result "0-1"]
[WhiteElo "1481"]
[BlackElo "1683"]
[PlyCount "124"]
[EventDate "2017.??.??"]
[WhiteTeam "SV Groß-Gerau"]
[BlackTeam "SC Bad Soden"]

1. e4 d6 2. d4 Nf6 3. Nc3 g6 4. Bf4 Bg7 5. Be2 c6 6. e5 dxe5 7. dxe5 Nd5 8.
Nxd5 cxd5 9. Nf3 Nc6 10. O-O O-O 11. Re1 Be6 12. Bb5 Qb6 13. Bxc6 bxc6 14. b3
Rad8 15. Be3 Qc7 16. Bc5 Bg4 17. Qd4 Bxf3 18. gxf3 Ra8 19. f4 Rfe8 20. Rad1 Qd7
21. Rd3 Qf5 22. Qe3 e6 23. Ba3 Rec8 24. Bc1 Bf8 25. Qh3 Qxh3 26. Rxh3 Re8 27.
Rd3 Rac8 28. Be3 a6 29. c3 c5 30. Rb1 c4 31. bxc4 Rxc4 32. Bd4 Rec8 33. Kg2 Ra4
34. Rb2 Ra3 35. Rdd2 Ra4 36. Rd3 Rcc4 37. Rdd2 Bc5 38. Bxc5 Rxc5 39. Rd4 Rxd4
40. cxd4 Rc4 41. Rd2 a5 42. Kf3 Rc3+ 43. Ke2 Ra3 44. Rc2 Kg7 45. f3 h6 46. Kf2
g5 47. fxg5 hxg5 48. Rd2 Kg6 49. h3 Kf5 50. Kg3 Ra4 51. Kg2 Kf4 52. Kf2 Ra3 53.
Rb2 Rxf3+ 54. Kg2 Rd3 55. Rf2+ Ke4 56. Rxf7 Kxd4 57. Rg7 Kxe5 58. Rxg5+ Kf6 59.
Rg3 Rxg3+ 60. Kxg3 d4 61. a3 Kg5 62. h4+ Kh5 0-1